000 00479nam a2200205Ia 4500
001 17342
003 GE_BSU
008 181216s||||||||xx |||||||||||||| ||und||
020 _a3190072558
040 _cGE_BSU
080 _a811.112
100 _aDreyer,Hikle
245 _aLehr und übungsbuch der deutschen grammatik
260 _aMunchen
260 _c2000
300 _a359p.
541 _h15Gel.
653 _aLehr und übungsbuch der deutschen grammatik
942 _cBK
999 _c50398
_d50398